000 00624nam a2200253Ia 4500
003 OSt
005 20221007103515.0
006 a|||||r|||| 00| 0
007 ta
008 221006b |||||||| |||| 00| 0 eng d
024 _a13,381
037 _cTextual
040 _aLCO
_cLCO
_beng
041 _2eng
_aeng
082 _aZ(Q2), M7
100 _aRaghavachariar N.R.
245 0 _aHindu law
250 _a8th
260 _aMadras
_bMadras Law Journal Office India
_c1987
300 _a1130
650 _aHINDU LAW
942 _hZ(Q2), M7
_cTEXL
999 _c1182944
_d1182944